Zeca Café: UM Passeio pelo Jardim (Registo nº 6157)

Detalhes MARC
000 -Etiqueta do registo
Valores 01505nam a2200229 4500
010 ## - Número ISBN
ISBN 9789893813478
021 ## - Número do Depósito Legal
Número 562647/26
100 ## - Dados gerais de processamento
Dados gerais 20260629d2026 c||y0pory50030103ba
200 1# - Titulo e menção de responsabilidade
Título próprio Zeca Café: UM Passeio pelo Jardim
Primeira menção de responsabilidade Marisa Trigueirão
Outras menções de responsabilidade il. Carla Pinto
210 #9 - Publicação
Local de publicação Lisboa
Nome do editor Flamingo,
Data de publicação 2026
215 ## - Descrição física 
Paginação / Volumes 33, [5] p.
Outras indicações físicas il.
330 ## - Sumário ou Resumo
Texto da nota No seguimento da obra Zeca Café - A História de um Buldogue Francês, nasce Zeca Café - Um Passeio pelo Jardim, uma nova aventura cheia de ternura, amizade, descobertas e valores essenciais.<br/>Num dos seus passeios diários pelo jardim, Zeca Café corre, salta e diverte-se como só ele sabe fazer. Entre risos e brincadeiras, algo diferente chama a sua atenção: um novo cãozinho, triste e sozinho, observa os outros à distância, desejando apenas fazer parte da brincadeira. Perante esta situação, Zeca terá de fazer uma escolha: seguir de imediato para a diversão ou escutar o seu coração generoso.<br/>Será que Zeca também vai ignorar o novo amigo? Ou o seu coração não o deixa ficar indiferente? Vem descobrir esta nova aventura de Zeca Café e aprender que a amizade começa, muitas vezes, com um simples gesto de empatia e inclusão.
606 ## - Nome comum usado como assunto
ID Autoridade 14
Palavra de ordem Literatura infantil
606 ## - Nome comum usado como assunto
ID Autoridade 15
Palavra de ordem Literatura Portuguesa
675 ## - CDU
Notação 82-93 / 821.134.3
Edição BN
Língua por
700 ## - Autor principal (pessoa individual)
Apelido Trigueirão
Nome Marisa
Datas 1987-
ID Autoridade 5823
701 ## - Co-autor principal (pessoa individual)
ID Autoridade 5824
Apelido Pinto
Nome Carla
801 #0 - Fonte de origem
País PT
Agência BMVN
Regras de catalogação RPC
830 ## - Notas gerais do catalogador
Criado por Inês Silva
Data de criação 29/06/2026
990 ## - Elementos KOHA
Tipo de documento Livro
Exemplares
Situação do levantamento Biblioteca de origem Código de barras Cota Permissão de empréstimo Forma de aquisição
  Biblioteca Municipal de Vendas Novas 100000030244 LI POR/TRI    

Powered by Koha